| 000 | 00751cam a2200241 a 4500 | ||
|---|---|---|---|
| 001 | 000018237 | ||
| 005 | 20200929165420.0 | ||
| 008 | 720114s1969 mx 000 f spa d | ||
| 035 | _a(DLC) 72403802 | ||
| 035 | _a(OCoLC)220531 | ||
| 040 |
_aDO-SdBNP _bspa _cOAU _dOCoLC _dDLC _dBNPHU |
||
| 082 |
_aM863.4 _bB641p, 1969 |
||
| 100 | 1 |
_aBlanco Moheno, Roberto, _d1920-2001. _939494 |
|
| 245 | 1 | 0 |
_aPancho Villa que es su padre / _cRoberto Blanco Moheno. |
| 250 | _a3a ed. | ||
| 260 |
_aMéxico : _bDiana, _c1969. |
||
| 300 |
_a247 p. . : _bil. ; _c22 cm. |
||
| 600 | 1 | 0 |
_aVILLA, PANCHO, _d1878-1923 _939495 |
| 650 | 4 |
_aNovela mexicana _93959 |
|
| 650 | 4 |
_aLiteratura mexicana _ySIGLO XX _99216 |
|
| 910 | _aCatalogación por copia / LC | ||
| 049 | _aBNGR | ||
| 999 |
_c17758 _d17758 |
||